Surface contamination : genesis, detection, and control /

Bibliographic Details
Corporate Authors: Institute of Environmental Sciences, International Committee on Contamination Control Societies, International Symposium on Contamination Control
Other Authors: Mittal, K. L., 1945-
Format: Conference Proceeding Book
Language:English
Published: New York : Plenum Press, [1979-]
Subjects:

MARC

Tag First Indicator Second Indicator Subfields
LEADER 00000pam a2200000 i 4500
001 in00000046485
005 20151007073227.0
008 790522m19799999nyua b 10100 eng
010 |a  79015433  
020 |a 0306401762 (v. 1) 
020 |z 0306401770 (v. 2) 
035 |a (OCoLC)05101584 
035 |9 AAE9357AM 
040 |a DLC  |c DLC  |d TXA  |d UtOrBLW 
049 |a TXAM  |v 1 [980754]  |v 2 [1115486] 
050 0 0 |a TA418.7  |b .S8 
082 0 |a 620.1/129 
245 0 0 |a Surface contamination :  |b genesis, detection, and control /  |c edited by K. L. Mittal. 
264 1 |a New York :  |b Plenum Press,  |c [1979-] 
264 4 |c ©1979- 
300 |a volumes :  |b illustrations ;  |c 26 cm. 
336 |a text  |b txt  |2 rdacontent 
337 |a unmediated  |b n  |2 rdamedia 
338 |a volume  |b nc  |2 rdacarrier 
500 |a Proceedings of a symposium held at the fourth International Symposium on Contamination Control in Washington, D.C., on Sept. 10-14, 1978, sponsored by the Institute of Environmental Sciences and the International Committee of Contamination Control Societies. 
504 |a Includes bibliographical references and index. 
650 0 |a Surface contamination  |x Congresses. 
700 1 |a Mittal, K. L.,  |d 1945- 
710 2 |a Institute of Environmental Sciences. 
710 2 |a International Committee on Contamination Control Societies. 
711 2 |a International Symposium on Contamination Control  |n (4th :  |d 1978 :  |c Washington, D.C.) 
999 |a MARS 
999 f f |s 7a85c3d8-afd7-37b1-881d-495201a6af15  |i b4605623-fb71-39f8-b22c-d8f5f11fe058  |t 0 
952 f f |p ric  |a Texas A&M University  |b Rellis Campus  |c Joint Library Facility  |d Remote Storage  |t 0  |e TA418.7 .S8  |h Library of Congress classification  |i unmediated -- volume  |k v.1  |m A14805316649 
952 f f |p ric  |a Texas A&M University  |b Rellis Campus  |c Joint Library Facility  |d Remote Storage  |t 0  |e TA418.7 .S8  |h Library of Congress classification  |i unmediated -- volume  |k v.2  |m A14805316657 
998 f f |a TA418.7 .S8  |s v.1-v.2  |t 0  |l Remote Storage